000 00903nam1a22002411i 4500
001 v19\rc\2055952
005 20260406162232.0
035 _a(NLR Aleph) 005133392
090 _a4731381
_c4731381
100 _a20081111g19081912|||a0rusy50 ca
101 0 _arus
102 _aRU
105 _ay z |||||
200 1 _aОтчет Фракции народной свободы
_e[С прил. речей депутатов]...
_f3-я Гос. дума
210 _aСанкт-Петербург
_d1908-1912
215 _d27
710 0 1 _aРоссия
_bГосударственная дума
_bСозыв
_c3
_bФракция Конституционно-демократической партии
_3RU\NLR\AUTH\889933648
_9362368
801 0 _aRU
_bNLR
_gpsbo
801 1 _aRU
_bProSoft-M
_2rusmarc
852 _aNLR
_j17.160.5.1
852 _aNLR
_j132/2577
852 _aNLR
_j+Шифры разные
942 _cBOOK